| 000 | 00487nam a2200121Ia 4500 | ||
|---|---|---|---|
| 008 | 220216s9999 xx 000 0 und d | ||
| 100 | _aVarghese Y.A. | ||
| 245 | 0 | _aManagement of plant genetic resources | |
| 260 |
_bProceedings of the National Seminar on Biodiversity Conservation and Environment Management, 22-24 January 2004. (Ed. George Koshy). Catholicate College, Pathanamthitta, India, pp. 8-28. _c2004 |
||
| 650 | _aGenetic diversity | ||
| 650 | _aGenetic resource | ||
| 942 | _cBS | ||
| 999 |
_c53014 _d53014 |
||